| 000 | 00335nam a22001217a 4500 | ||
|---|---|---|---|
| 008 | 160805b xxu||||| |||| 00| 0 eng d | ||
| 020 | _a3899482232 | ||
| 100 | _aRilling, Helmuth | ||
| 245 |
_aMessiah _bUnderstanding and Performing Handel's Masterpiece _cHelmuth Rilling |
||
| 260 |
_bCarus _c2015 |
||
| 300 | _a128p. | ||
| 942 |
_2lcc _cBK |
||
| 999 |
_c16037 _d16037 |
||